Statistiken für Literarische Werke nach Protagonisten

Klicken Sie hier um das Quiz zu spielen!

Allgemein

  • Dieses Quiz wurde 201 mal gespielt
  • Das Durchschnittsergebnis liegt bei 14 aus 31

Antwortstatistiken

FigurWerk% Korrekt
Jay GatsbyDer große Gatsby
90%
Effi BriestEffi Briest
88%
Frodo BeutlinDer Herr der Ringe
85%
Scarlett O'HaraVom Winde verweht
75%
Walter FaberHomo Faber
73%
Jean-Baptist GrenoilleDas Parfum
70%
Ebenezer ScroogeEine Weihnachtsgeschichte
67%
Einstein, Newton, MöbiusDie Physiker
66%
Gregor SamsaDie Verwandlung
63%
Emma BovaryMadame Bovary
59%
Oskar MatzerarthDie Blechtrommel
58%
Josef K.Der Prozeß
56%
Franz BiberkopfBerlin Alexanderplatz
50%
Karl MoorDie Räuber
44%
Napoleon (Tier)Farm der Tiere
44%
Rodian RaskolnikowVerbrechen und Strafe / Schuld und Sühne
42%
Dorfrichter AdamDer zerbrochne Krug
41%
Holden CaulfieldDer Fänger im Roggen
38%
Estragon & WladimirWarten auf Godot
38%
Arthur DentPer Anhalter durch die Galaxis
37%
Hans CastorpDer Zauberberg
34%
Winston Smith1984
29%
Diedrich HeßlingDer Untertan
22%
Leopold BloomUlysses
22%
SantiagoDer alte Mann und das Meer
20%
Siggi JepsenDeutschstunde
16%
Melchior GaborFrühlingserwachen
15%
MeursaultDer Fremde
11%
Mirko CzentovicDie Schachnovelle
10%
Eduard und CharlotteDie Wahlverwandtschaften
10%
Daniel PagenstecherZettel's Traum
5%

Verteilung der Resultate

Perzentil nach korrekt beantworteten Fragen

Anzahl Personen mit jedem Resultat

Ihre Resultats-Entwicklung

Sie haben dieses Quiz noch nicht gespielt